Rasputín y el ocaso de un imperio /
Biografía de Rasputín (1846-1916), quien fuera uno de los personajes más importantes en el reinado de Nicolás II, debido particularmente a su influencia sobre la zarina Alejandra Fedorovna, desde 1905 hasta su muerte en 1916, cuando el príncipe Yusupov le asesinó por considerarlo una de las causas m...
Enregistré dans:
| Auteur principal: | |
|---|---|
| Format: | Livre |
| Langue: | espagnol |
| Publié: |
Barcelona, España :
Juventud,
1980, c1959
|
| Édition: | 4a edición |
| Collection: | (Grandes Biografías Juventud)
|
| Sujets: | |
| Tags: |
Pas de tags, Soyez le premier à ajouter un tag!
|
MARC
| LEADER | 00000nam^a2200000^a^4500 | ||
|---|---|---|---|
| 001 | 000105165 | ||
| 005 | 20250521000000.0 | ||
| 009 | 20260310093451.466 | ||
| 020 | |a 84-261-0193-3 | ||
| 037 | |a Acervo ITESO - Biblioteca | ||
| 041 | |a ESP | ||
| 082 | |a 947. 083 |b PRA | ||
| 100 | |a Prawdin, Michael |e (autor) | ||
| 245 | 1 | 0 | |a Rasputín y el ocaso de un imperio / |c M. Prawdin ; tr. por Emma Gifre de Martinell. |
| 250 | |a 4a edición | ||
| 264 | 4 | |a Barcelona, España : |b Juventud, |c 1980, c1959 | |
| 300 | |a 310 p. | ||
| 336 | |a texto |b txt |2 rdacontenido | ||
| 337 | |a sin mediación |b n |2 rdamedio | ||
| 338 | |a volumen |b nc |2 rdasoporte | ||
| 440 | 1 | |a (Grandes Biografías Juventud) | |
| 500 | |a Traducción de: Eine Ewlt Zerbricht | ||
| 520 | |a Biografía de Rasputín (1846-1916), quien fuera uno de los personajes más importantes en el reinado de Nicolás II, debido particularmente a su influencia sobre la zarina Alejandra Fedorovna, desde 1905 hasta su muerte en 1916, cuando el príncipe Yusupov le asesinó por considerarlo una de las causas más poderosas de la decadencia del zarismo. | ||
| 649 | |a XX | ||
| 650 | |a Curanderos Rusos - |x Biografías | ||
| 650 | |a Política - |z Rusia - |x Historia - |y Nicolás II, 1894-1917 | ||
| 650 | |a Rusia - |x Historia - |y Nicolás II, 1894-1917 | ||
| 650 | |a Rusia - |x Historia - |y Siglo XX | ||
| 650 | |a Rusia - |x Historia - |y Casa Romanov, 1613-1917 | ||
| 650 | |a Rusia - |x Historia - |y Período Zarista, 1462-1917 | ||
| 650 | |a Rasputín, Gregorio Efimovith - |x Tema Principal | ||
| 650 | |a Alejandra, |c Emperatriz de Rusia | ||
| 910 | |a Fondo Jesús Rodríguez | ||
| 920 | |a Impresos - Libros | ||
| 930 | |a Fondos Especiales | ||
| 905 | |a 113 | ||
| 901 | |a 0500041053 |b IT2 |c ESP |u 20250521 | ||
| 902 | |a https://opac.biblio.iteso.mx/vufind/Record/000105165 | ||